00240nam a2200097Ia 4500008004100000041000800041082001300049100001500062245003300077260003200110230627s9999 xx 000 0 und d aeng a347bSAH aSaha A. N. aCode Of Civil Procedure 1908 aCalcuttabEastern Law House